Planting date and varietial effects on agronomic and seed compositional characters in soybeans

Guardat en:
Dades bibliogràfiques
Autor principal: R C Leffel
Format: Llibre
Idioma:Undetermined
Publicat: Maryland University of Maryland 1961
Matèries:
Etiquetes: Afegir etiqueta
Sense etiquetes, Sigues el primer a etiquetar aquest registre!
Thư viện lưu trữ: Trung tâm Học liệu Trường Đại học Cần Thơ
LEADER 00552nam a2200181Ia 4500
001 CTU_38739
008 210402s9999 xx 000 0 und d
082 |a 633.34 
082 |b L488 
100 |a R C Leffel 
245 0 |a Planting date and varietial effects on agronomic and seed compositional characters in soybeans 
245 0 |c R C Leffel 
260 |a Maryland 
260 |b University of Maryland 
260 |c 1961 
650 |a soybean,soybean - products 
904 |i Liên, 990906 
980 |a Trung tâm Học liệu Trường Đại học Cần Thơ